000 00666cam a22002413a 4500
001 21689
003 PGUSA
005 20140828083448.0
008 070606s2007||||xxu|||||s|||||000 1 eng d
040 _aPGUSA
_beng
042 _adc
050 4 _aPS
100 1 _aBuck, Charles Neville,
_d1879-1930
245 1 4 _aThe Tyranny of Weakness
_h[electronic resource] /
_cCharles Neville Buck
260 _bProject Gutenberg,
_c2007
506 _aPublic domain in the USA.
516 _aElectronic text
653 _aFiction
700 1 _aStahr, Paul,
_d1883-
830 0 _aProject Gutenberg
_v21689
856 4 0 _uhttp://www.gutenberg.org/ebooks/21689
942 _cEB
999 _c250944
_d250944